Kreativita v manažmente

Saved in:
Bibliographic Details
Main Author: Suntingerová, Ľudmila (Author)
Format: Book
Language:Slovak
Published: Bratislava : Ekonóm, 2004
Edition:1. vyd
Subjects:
Online Access:OBSAH
Tags: Add Tag
No Tags, Be the first to tag this record!

MARC

LEADER 00000nam a22000003a 4500
001 stu85882
005 20150617225633.8
008 040416s2004----xo------------------slo-d
020 |a 80-225-1796-8 
040 |a STU  |b slo 
041 0 |a slo 
044 |a xo 
080 |a 65 
100 1 |a Suntingerová, Ľudmila  |4 aut 
245 1 |a Kreativita v manažmente 
250 |a 1. vyd 
260 |a Bratislava :  |b Ekonóm,  |c 2004 
300 |a 109 s 
650 7 |a manažment  |2 stusub 
650 7 |a kreativita  |2 stusub 
856 4 |a https://sweb.mtf.stuba.sk/obsahy/kreativita_v_manazmente_04.pdf  |u https://sweb.mtf.stuba.sk/obsahy/kreativita_v_manazmente_04.pdf  |3 OBSAH 
996 |b 284M059374  |c M*11336-3  |l MMKN  |s A  |a 24  |w stu85882_0001 
996 |b 284M059372  |c M*11336-1  |l MMKN  |s A  |a 24  |w stu85882_0002 
996 |b 284M059373  |c M*11336-2  |l MMKN  |s A  |a 24  |w stu85882_0003